000
00338nam a2200133Ia 4500
005
20251013221641.0
008
251010s9999 xx 000 0 und d
041
_a
mar
100
_a
मंत्री र.
_9
213960
245
_a
साप्ताहिकी
250
_a
1ST
260
_b
Indrayani Sahitya
_c
1982
300
_a
188
999
_c
368213
_d
368213